| 000 | 00000nam##2200000za#4500 |
| 001 | 9.639401 |
| 003 | CaOODSP |
| 005 | 20210624222142 |
| 007 | cr ||||||||||| |
| 008 | 150407|2009||||xxc|||||o f|0| 0 fre|d |
| 040 | |aCaOODSP|bfre |
| 043 | |an-cn--- |
| 086 | 1 |aYM20-10/2009F-PDF |
| 245 | 00|aÉtat actuel des activités de recherche sur le Parlement du Canada : |h[ressource électronique]|brésumé des publications savantes sur les institutions canadiennes et des autres activités de chercheurs (communications à des congrès et obtention de subventions) / |cpar Sharon Sutherland. |
| 246 | 17|aÉtat actuel des activités de recherche sur le Parlement du Canada en 2009 |
| 260 | |aOttawa - Ontario : |bBibliothèque du Parlement |cJuin 2009. |
| 300 | |a28p.|bréférences |
| 590 | |a12-30-Supp|b2012-06-28 |
| 691 | 07|aParlement|2gcpds |
| 710 | 1 |aCanada. |bBibliothèque du Parlement. |
| 720 | 1 |aSutherland, Sharon |
| 775 | 08|tCurrent state of research activities on the Parliament of Canada : |w(CaOODSP)9.695255 |
| 856 | 40|ahttp://publications.gc.ca|qPDF|s100 Ko|uhttps://publications.gc.ca/collections/collection_2011/bdp-lop/YM20-10-2009-fra.pdf |